Pays commençant par la lettre G - une minute sprint - Statistiques

Statistiques générales
  • Ce quiz a été pris 203 fois
  • Le résultat moyen est 8 sur 12
Statistiques - réponses
pays % Correct
Guinée
86%
Gabon
83%
Guinée-Bissau
83%
Guinée équatoriale
82%
Guatemala
80%
Gambie
78%
Géorgie
78%
Ghana
74%
Grèce
69%
Grenade
58%
Guyana
50%
Groenland
19%
Aucun quiz correspondant
Distribution des résultats
% des personnes avec chaque résultat
Percentile par nombre de réponses
Votre historique - résultats
Vous n’avez pas pris ce quiz